000 00531nam a2200169Ia 4500
008 090201s9999 xx 000 0 und d
010 _aKPL-45773
040 _bमराठी
041 _aमराठी
082 _a9104
_b45773
100 _aशैलजा राजे
245 _aआसवांची पालखी
_cशैलजा राजे
260 _c2004
_bमनोरमा प्रकाशन
300 _a174
_bमोठा
600 _aआसवांची पालखी
942 _cBOOK
999 _c209631
_d209631